Canciones de Iron Maiden - ¡Muerte súbita! - Estadísticas

Estadísticas generales
  • Esta prueba ha sido intentada 14 veces
  • La puntuación promedio es 11 de 16
Answers on the Grid
Answers color-coded by a green-red scale on the quiz's grid according to % correct below.
The trooper
Fear of the dark
Enter sandman
Two minutes to midnight
Crazy train
Alexander the Great
The number of the beast
Run to the hills
No vale pa na
Wasted years
Aces high
Madhouse
Hallowed be thy name
Flight of Icarus
The writing on the wall
Seventh son of a seventh son
Iron Maiden
Breaking the law
Paranoid
Murders in the Rue Morgue
Powerslave
Master of puppets
Immigrant song
Phantom of the opera
 
Estadísticas de respuestas
Respuesta % Correcto
The trooper
100%
Fear of the dark
89%
Iron Maiden
78%
Run to the hills
78%
Two minutes to midnight
78%
Aces high
67%
Alexander the Great
67%
Hallowed be thy name
67%
Seventh son of a seventh son
67%
The number of the beast
67%
The writing on the wall
67%
Wasted years
67%
Flight of Icarus
56%
Murders in the Rue Morgue
56%
Phantom of the opera
56%
Powerslave
44%
No se encontraron pruebas coincidentes
Distribución de puntuación
Porcentaje de gente con cada puntuación
Porcentaje por número respondido
Historial de tus puntuaciones
No has intentado esta prueba.